000
00227nam a2200097Ia 4500
008
240331s9999 xx 000 0 und d
082
_a
294.3
_b
BUD
100
_a
Tessa, Bartholomeusz. ed
245
0
_a
Buddhism and society
942
_c
L
999
_c
916
_d
916